00381nam a2200121Ia 4500008004100000020001800041050002700059100002500086245008000111260003800191300002100229521000900250140527s9999 xx 000 0 und d a9789712364549 aKPM 953.5b.D377p 2013 aDe Leon, Hector S. aThe law on partnerships and private corporations /cHector S. De Leon. aManila :bRex Book Store,cc2013. a526 p. :c22 cm. aBSBA